|
|
|
|
| LEADER |
00000nam a2200000 a 4500 |
| 001 |
vtls010294176 |
| 003 |
SK-MaSNL |
| 005 |
20260302082214.0 |
| 008 |
240314s2008 un a g 000 0 ukr |
| 020 |
|
|
|a 9789664650349
|q (viaz.)
|
| 040 |
|
|
|a SNK
|b slo
|c SNK
|e AACR2
|
| 041 |
0 |
|
|a ukr
|
| 043 |
|
|
|a e-un---
|
| 044 |
|
|
|a un
|c UA
|
| 072 |
|
7 |
|a 76
|x Grafické umenie. Grafika
|2 konspekt
|
| 080 |
|
|
|a 76
|2 2001
|
| 080 |
|
|
|a 76.071.1
|2 2001
|
| 080 |
|
|
|a (048.8)
|2 2001
|
| 080 |
|
|
|a (477)
|2 2001
|
| 100 |
1 |
|
|a Lahutenko, Ol'ha
|4 aut
|9 748613
|
| 245 |
1 |
0 |
|a Hrafiky
|b narysy z istoriji ukrajins'koji grafiky XX stolittja
|c Ol'ha Lahutenko
|
| 246 |
1 |
1 |
|a Graphein
|
| 260 |
|
|
|a [Kyjiv]
|b Hrani-T
|c 2008
|
| 300 |
|
|
|a 165 s.
|b ilustr.
|c 30 cm
|
| 650 |
0 |
7 |
|a grafika
|2 SNKPH
|9 814
|
| 650 |
0 |
7 |
|a grafici
|2 SNKPH
|9 87837
|
| 650 |
0 |
7 |
|a Prints
|2 SNKPHeng
|9 294897
|
| 650 |
0 |
7 |
|a printmakers
|2 SNKPHeng
|9 306704
|
| 651 |
|
7 |
|a Ukraine
|2 SNKPHeng
|9 266376
|
| 651 |
|
7 |
|a Ukrajina
|2 SNKPH
|9 168045
|
| 655 |
|
7 |
|a prehľady
|2 SNKPH
|9 70194
|
| 655 |
|
7 |
|a Surveys
|2 SNKPHeng
|9 266058
|
| 919 |
|
|
|a 978-966-4650-34-9
|
| 999 |
|
|
|c 1179241
|d 1181171
|
| 952 |
|
|
|a SNK
|b SNK
|y VYP
|7 0
|p 17A0717304
|o snkIB 72472
|i snk2011/18403
|8 2
|g 19.91
|0 0
|1 0
|4 0
|d 2011-07-22
|l 0
|r 2026-02-24 21:33:24
|w 2026-02-24
|